000 00455nam a2200181Ia 4500
001 18034
005 20260306171601.0
008 260306s9999||||xx |||||||||||||| ||und||
041 _aESP
082 _a658.38
_bA47
100 _aÁlvarez Heredia, Francisco
_eAUT
245 0 _aSalud ocupacional y prevención:
_bguía práctica
260 _c2012
300 _a193 páginas :
_c24 cm.
650 _aGEN
654 _aCAN
942 _cLIB
_dJUS
_fJUS
_2ddc
_n
999 _c18034
_d18034